000
00269nam a22001217a 4500
008
181106b xxu||||| |||| 00| 0 eng d
041
_a
eng
080
_a
610
100
_a
4
101
_a
SHM
245
_a
Health and Medicine Anual 1992
_c
Fisher,J.D
942
_2
udc
_c
BK
999
_c
51947
_d
51947